Catalog

Record Details

Catalog Search



Rudý z Hollywoodu  Cover Image Book Book

Rudý z Hollywoodu / Lester Cole ; [z anglického originálu ... přeložila Marie Sulková-Zítková]

Record details

  • Physical Description: 318 s. : il. ; 21 cm
  • Edition: Vyd. 1.
  • Publisher: Praha : Naše vojsko, 1986

Content descriptions

Bibliography, etc. Note:
Obsahuje bibliografické odkazy -- Obálka, vazba a frontispis Andrea Korbelářová
Subject: Cole, Lester, 1904-1985
film
osobnosti
Genre: vzpomínky

Available copies

  • 1 of 1 copy available at Common Catalog SPOK.

Holds

  • 0 current holds with 1 total copy.
Show Only Available Copies
Location Call Number / Copy Notes Barcode Shelving Location Status Due Date
Hospic Dobrého Pastýře UM
Tematická katagorie: Umění (UM)
2045957005584 Knihovna Available -

LDR 01180nam a22003377a 4500
00128781
003CZ-PrJAB
00520220727095719.0
008861121s1986 xr 000 0 cze d
035 . ‡a(CZ PrCU)001370336
040 . ‡aABA001 ‡bcze ‡dABD001
0411 . ‡acze ‡heng
080 . ‡a791.6-05 ‡2MRF
080 . ‡a929 ‡2MRF
1001 . ‡aCole, Lester, ‡d1904-1985 ‡7jn20000700321 ‡4aut
24510. ‡aRudý z Hollywoodu / ‡cLester Cole ; [z anglického originálu ... přeložila Marie Sulková-Zítková]
250 . ‡aVyd. 1.
260 . ‡aPraha : ‡bNaše vojsko, ‡c1986
300 . ‡a318 s. : ‡bil. ; ‡c21 cm
4901 . ‡aFakta a svědectví ; ‡vSv. 96
504 . ‡aObsahuje bibliografické odkazy -- Obálka, vazba a frontispis Andrea Korbelářová
60017. ‡aCole, Lester, ‡d1904-1985 ‡7jn20000700321 ‡2czenas
65007. ‡afilm ‡7ph114534 ‡2czenas
65007. ‡aosobnosti ‡7ph115615 ‡2czenas
655 7. ‡avzpomínky ‡7fd133830 ‡2czenas
7650 . ‡tHollywood red ‡9Česky
7001 . ‡aSulková-Zítková, Marie ‡4trl
830 0. ‡aFakta a svědectví
910 . ‡aBNE702
901 . ‡a28781 ‡b ‡c28781 ‡tbiblio

Additional Resources